Football Teams Danilo Pereira Played For - Statistics

General Stats
  • This quiz has been taken 15 times
  • The average score is 3 of 7
Answer Stats
League Years Team % Correct
Portugal 2015-2020 FC Porto
100%
France 2020- Paris Saint-Germain
100%
Italy 2010-2011 Parma Calcio 1913
33%
Italy 2011-2012 Parma Calcio 1913
33%
Greece 2011 Aris Thessaloniki
25%
Portugal 2013-2015 CS Marítimo
25%
Netherlands 2012-2013 Roda JC
25%
No matching quizzes found
Score Distribution
Percent of People with Each Score
Percentile by Number Answered
Your Score History
You have not taken this quiz